Laporan ringkas mengenai Kursus Pendek - Prinsip-prinsip GIS, UTM, Skudai 7/8/93 - 9/8/93

Bibliographic Details
Main Author: Robiah Haji Wan Yusoff
Format: Book
Published: 1993
Subjects:

MARC

LEADER 00000cam a2200000 7i4500
001 0000009642
005 20011012.0
040 |a INS 
090 0 0 |a T/REP 13 
100 0 |a Robiah Haji Wan Yusoff 
245 1 0 |a Laporan ringkas mengenai Kursus Pendek - Prinsip-prinsip GIS, UTM, Skudai 7/8/93 - 9/8/93 
260 |c 1993 
300 |a 30cm 
650 0 0 |a Geographic information systems 
999 |a TRP0000015   |b BOOK   |c Training Report   |e Default branch